| 000 | 01241nam a22003377a 4500 | ||
|---|---|---|---|
| 003 | CHAP | ||
| 005 | 20220329133742.0 | ||
| 008 | 971013s1977 r 00010 d | ||
| 010 | _a10354 | ||
| 011 | _a11326 | ||
| 035 | _a10564 | ||
| 040 | _cCHAP | ||
| 090 | _aTesis | ||
| 100 | 0 | 0 |
_aDainitín Talamás, Alejandro. _930910 |
| 245 | _aPrueba de adaptación y rendimiento de doce variedades de trigo (Triticum vulgare vill.) de la PRONASE, en Apodaca, N.L., durante el ciclo de invierno 1976-1977 | ||
| 260 |
_aMonterrey, N.L., _c1977 |
||
| 300 | _a44 h | ||
| 502 | _aTesis (Ing. Agr. en Producción Agropecuaria) -- ITESM. División de Ciencias Agropecuarias y Marítimas | ||
| 590 |
_aALEPH _b10 _c20130110 _lUCH01 _h1227 |
||
| 590 |
_aBATCH-UPD _b10 _c20130110 _lUCH01 _h1412 |
||
| 590 |
_aBATCH-UPD _b10 _c20130410 _lUCH01 _h0858 |
||
| 590 |
_aBATCH-UPD _b10 _c20130914 _lUCH01 _h1725 |
||
| 590 |
_aCONVERSION _b10 _c20130109 _lUCH01 _h1307 |
||
| 650 | 1 | 4 |
_aTrigo _xEfecto del medio ambiente. _9115015 |
| 650 | 1 | 4 |
_aTrigo _xNuevo León. _9115069 |
| 650 | 1 | 4 |
_aTrigo _xRendimiento. _9115092 |
| 650 | 1 | 4 |
_aTrigo _xVariedades resistentes a enfermedades. _9115120 |
| 901 | _aBK | ||
| 942 | _cTESIS | ||
| 949 |
_bBC _cTES _d-22240 _eTS1 _i10564 _si |
||
| 999 |
_c10354 _d10354 |
||